[Event "DEN-ch cand"]
[Site "Svendborg"]
[Date "2023.04.05"]
[Round "2"]
[White "Medhus, Vitus Bondo"]
[Black "Mollasoltani, Aryan"]
[Result "1/2-1/2"]
[WhiteElo "2097"]
[BlackElo "2008"]
[PlyCount "61"]
[EventDate "2023.04.05"]
[EventType "swiss"]
[EventRounds "7"]
[EventCountry "DEN"]
[SourceTitle "CBM 213 Extra"]
[Source "ChessBase"]
[SourceDate "2023.05.31"]
[SourceVersion "1"]
[SourceVersionDate "2023.05.31"]
[SourceQuality "1"]

1. e4 c5 2. Nc3 e6 3. Bc4 Nc6 4. Nge2 a6 5. a4 Nf6 6. d4 d5 7. exd5 exd5 8. Bb3 Be7 9. Bg5 c4 10. Ba2 0-0 11. 0-0 Nb4 12. Bb1 Bf5 13. Ng3 Qd7 14. Nce2 Nc6 15. Nxf5 Qxf5 16. Be3 b5 17. axb5 axb5 18. Rxa8 Rxa8 19. c3 Qd7 20. Ng3 g6 21. f4 Ng4 22. Bd2 f5 23. h3 Nf6 24. Qe2 Bf8 25. Re1 Re8 26. Qd1 Re6 27. Nf1 Qe8 28. Rxe6 Qxe6 29. b3 Ne4 30. bxc4 bxc4 31. Bxe4 1/2-1/2

[Event "DEN-ch cand"]
[Site "Svendborg"]
[Date "2023.04.05"]
[Round "1"]
[White "Mollasoltani, Aryan"]
[Black "Hoyer, Jacob"]
[Result "0-1"]
[WhiteElo "2008"]
[BlackElo "2194"]
[PlyCount "56"]
[EventDate "2023.04.05"]
[EventType "swiss"]
[EventRounds "7"]
[EventCountry "DEN"]
[SourceTitle "CBM 213 Extra"]
[Source "ChessBase"]
[SourceDate "2023.05.31"]
[SourceVersion "1"]
[SourceVersionDate "2023.05.31"]
[SourceQuality "1"]

1. e4 c5 2. Nf3 d6 3. d4 cxd4 4. Nxd4 Nf6 5. Nc3 a6 6. h3 e5 7. Nb3 Be6 8. Be3 Be7 9. Qf3 0-0 10. 0-0-0 b5 11. g4 b4 12. Nd5 Nxd5 13. exd5 Bc8 14. Bd3 a5 15. h4 Nd7 16. h5 Ba6 17. Bf5 a4 18. Nd2 Qc7 19. g5 Nc5 20. Bxc5 Qxc5 21. Ne4 Qc4 22. b3 axb3 23. axb3 Qe2 24. Qg3 Bc8 25. Rhe1 Ra1+ 26. Kb2 Ra2+ 27. Kxa2 Qxc2+ 28. Ka1 Bxf5 0-1

[Event "Copenhagen Obro New Year op"]
[Site "Copenhagen"]
[Date "2022.12.29"]
[Round "5"]
[White "Mollasoltani, Aryan"]
[Black "Kistrup, Nicolai"]
[Result "1/2-1/2"]
[WhiteElo "2008"]
[BlackElo "2290"]
[PlyCount "118"]
[EventDate "2022.12.27"]
[EventType "swiss"]
[EventRounds "7"]
[EventCountry "DEN"]
[SourceTitle "CBM 211 Extra"]
[Source "ChessBase"]
[SourceDate "2023.01.31"]
[SourceVersion "1"]
[SourceVersionDate "2023.01.31"]
[SourceQuality "1"]

1. e4 c5 2. Nf3 d6 3. d4 cxd4 4. Nxd4 Nf6 5. Nc3 a6 6. Be3 e5 7. Nb3 Be7 8. h3 h6 9. Qf3 b5 10. Bd3 b4 11. Nd5 Nxd5 12. exd5 a5 13. a3 bxa3 14. Rxa3 0-0 15. Bf5 a4 16. Nd2 Bxf5 17. Qxf5 Qc8 18. Qxc8 Rxc8 19. c4 Nd7 20. Ke2 f5 21. f3 Bg5 22. Rha1 Bxe3 23. Kxe3 Nb6 24. b3 axb3 25. Rxa8 Rxa8 26. Rxa8+ Nxa8 27. Nxb3 Nb6 28. Kd3 Kf7 29. Kc3 Ke7 30. Kb4 Kd7 31. Kb5 Na8 32. c5 Nc7+ 33. Kc4 dxc5 34. Nxc5+ Kd6 35. Nb7+ Kd7 36. Nc5+ Kd6 37. Nb7+ Kd7 38. d6 Ne6 39. Kd5 e4 40. fxe4 fxe4 41. Kxe4 Kc6 42. Ke5 Nf8 43. Na5+ Kb5 44. Kd5 Kxa5 45. Kc6 Kb4 46. d7 Ne6 47. Kd6 Nd8 48. Ke7 Nc6+ 49. Kf7 Kc5 50. Kxg7 Kd6 51. Kxh6 Kxd7 52. g4 Ke6 53. g5 Ne5 54. g6 Kf6 55. g7 Nf7+ 56. Kh7 Ng5+ 57. Kh8 Nf7+ 58. Kg8 Ng5 59. Kf8 Ne6+ 1/2-1/2